00258pam a2200109 a 4500020000500000041000500005082001500010100002300025245006200048260002100110300001700131 c h a759.5bBAR aBarringlon Barber. aThought the eyes of Leonorda Da VincihTextual Documents a[s.l]:bArcturrs a128:bpaper.